00673nas a2200217Ia 4500001001100000003000900011008004100020040001300061040001300074041001300087100005100100210001900151222001900170245008000189250001100269260002300280501008600303300001700389362001300406650003600419R415/38263IT-RoPAU151124c99999999xx |||||||||||| ||und|| aIT-RoPAU cIT-RoPAU aFRANCESE aChautemps Jean-LouisgCodice Aut. SPICS: 24288 aMUSIQUE EN JEU aMusique En Jeu aMUSIQUE EN JEU (32) BRUITS DE FONDbMixtures Pour un "Tombeau De L'Anatole" a1a ed. aPARISbSEUILc1978 bPaulus - SPICS - Società San Paolo EM (non-commercial uses only)cCopyright2015 a4 p. [94-97] aVOL.32,  aMUSICAvPUBBLICAZIONE PERIODICA